[Event "Saint Quentin 2005"]
[Site "Elancourt"]
[Date "2005.04.23"]
[Round "1.1"]
[White "Sulypa, Alexandre"]
[Black "Boussaha, Bilal"]
[Result "1-0"]
[WhiteElo "2480"]
[BlackElo "1877"]
[PlyCount "59"]
[EventDate "2005.04.??"]

1. d4 d6 2. e4 Nf6 3. Nc3 e5 4. Nf3 Nbd7 5. Bc4 Be7 6. O-O O-O 7. Re1 c6 8. a4
Qc7 9. a5 b5 10. axb6 Nxb6 11. Be2 Be6 12. b3 h6 13. Bb2 Rfd8 14. h3 Nfd7 15.
Qd2 Bf6 16. d5 cxd5 17. exd5 Bf5 18. Bb5 Nb8 19. Ne4 Be7 20. Ng3 Qxc2 21. Nxf5
Qxf5 22. Nd4 exd4 23. Rxe7 Nxd5 24. Qxd4 Nf6 25. Qc4 Nd5 26. Rb7 a6 27. Ba4 Rc8
28. Qd4 Qe5 29. Qg4 f5 30. Rxg7+ 1-0

[Event "Saint Quentin 2005"]
[Site "Elancourt"]
[Date "2005.04.23"]
[Round "1.2"]
[White "Collette, Gilles"]
[Black "Radulov, Ivan"]
[Result "0-1"]
[WhiteElo "1790"]
[BlackElo "2334"]
[PlyCount "54"]
[EventDate "2005.04.??"]

1. e4 e5 2. Nf3 Nc6 3. Bc4 Bc5 4. c3 Nf6 5. d3 d5 6. exd5 Nxd5 7. O-O O-O 8.
Re1 Nb6 9. Bb3 Bg4 10. Be3 Bxe3 11. fxe3 Qd6 12. Qe2 Rad8 13. Bc2 f5 14. Nbd2
Kh8 15. Qf2 Qh6 16. Qg3 Nd5 17. Nc4 Bxf3 18. Qxf3 b5 19. Na3 e4 20. dxe4 Ne5
21. Qg3 f4 22. exf4 Nxf4 23. Rad1 Rxd1 24. Bxd1 Nfd3 25. Nxb5 Nxe1 26. Qxe1 Qc1
27. Qe2 Rd8 0-1

[Event "Saint Quentin 2005"]
[Site "Elancourt"]
[Date "2005.04.23"]
[Round "1.3"]
[White "Gerard, Nicolas"]
[Black "Szwedkowski, Sylvain"]
[Result "1-0"]
[WhiteElo "2334"]
[BlackElo "1790"]
[PlyCount "37"]
[EventDate "2005.04.??"]

1. d4 d5 2. c4 e6 3. Nc3 c6 4. e4 dxe4 5. Nxe4 Bb4+ 6. Bd2 Qxd4 7. Bxb4 Qxe4+
8. Be2 Nd7 9. Qd6 c5 10. Bc3 Ne7 11. Nf3 Nf5 12. Qd2 Nd4 13. Nxd4 cxd4 14. Bxd4
e5 15. Bc3 O-O 16. O-O Nf6 17. Rfe1 Qf4 18. Qxf4 exf4 19. Bf3 1-0

[Event "Saint Quentin 2005"]
[Site "Elancourt"]
[Date "2005.04.23"]
[Round "1.4"]
[White "Le Scraigne, Eric"]
[Black "Bogdanov, Emil"]
[Result "0-1"]
[WhiteElo "1740"]
[BlackElo "2250"]
[PlyCount "50"]
[EventDate "2005.04.??"]

1. d4 Nf6 2. Nf3 e6 3. c4 b6 4. a3 Ba6 5. Qc2 c5 6. Bg5 cxd4 7. Nxd4 Bc5 8. e3
h6 9. Bh4 O-O 10. Nc3 Bb7 11. b4 Be7 12. f3 a5 13. Rb1 axb4 14. axb4 Na6 15.
Na2 d5 16. c5 bxc5 17. Bxa6 Bxa6 18. bxc5 Qa5+ 19. Kf2 Qxc5 20. Qd2 Ng4+ 21.
fxg4 Bxh4+ 22. g3 Bg5 23. Rhc1 Bc4 24. Rb2 Ra3 25. Nb3 Qa7 0-1

[Event "Saint Quentin 2005"]
[Site "Elancourt"]
[Date "2005.04.23"]
[Round "1.5"]
[White "Bouverot, Olivier"]
[Black "Ferriere, Patrick"]
[Result "1-0"]
[WhiteElo "2138"]
[BlackElo "1720"]
[PlyCount "75"]
[EventDate "2005.04.??"]

1. d4 d5 2. Nf3 e6 3. Bf4 Be7 4. e3 Nd7 5. Bd3 f5 6. Nbd2 Ngf6 7. Ne5 O-O 8. h3
Ne4 9. Qe2 Bh4 10. Bxe4 fxe4 11. O-O Nxe5 12. Bxe5 Bf6 13. Bxf6 Qxf6 14. f3
exf3 15. Rxf3 Qe7 16. Rxf8+ Qxf8 17. Rf1 Qe7 18. Nf3 Bd7 19. Ne5 Rf8 20. Rxf8+
Kxf8 21. Qh5 Kg8 22. c3 Be8 23. Qg4 Qf6 24. Kh2 h5 25. Qf4 Qxf4+ 26. exf4 g6
27. Kg3 Kg7 28. Kh4 Kf6 29. g4 c5 30. dxc5 g5+ 31. Kg3 hxg4 32. hxg4 Bh5 33.
Nf3 gxf4+ 34. Kxf4 Be8 35. g5+ Kg7 36. Ke5 Bf7 37. Nd4 Kg6 38. Nxe6 1-0

[Event "Saint Quentin 2005"]
[Site "Elancourt"]
[Date "2005.04.23"]
[Round "1.6"]
[White "Gahagnon, Jacques"]
[Black "Baron, Daniel"]
[Result "0-1"]
[WhiteElo "1720"]
[BlackElo "2134"]
[PlyCount "50"]
[EventDate "2005.04.??"]

1. d4 d5 2. Nf3 Nf6 3. c3 e6 4. e3 b6 5. Bd3 Bb7 6. Nbd2 Nbd7 7. O-O Bd6 8. Re1
Ne4 9. Bc2 f5 10. c4 O-O 11. cxd5 exd5 12. a3 g5 13. Nf1 g4 14. N3d2 Qh4 15.
Nxe4 fxe4 16. Ng3 Rf6 17. Qe2 Raf8 18. Bd1 Rg6 19. Bd2 Rg5 20. Rc1 Rf6 21. Bb4
c5 22. dxc5 bxc5 23. Qb5 Rh6 24. Qxd7 Qxh2+ 25. Kf1 Ba6+ 0-1

[Event "Saint Quentin 2005"]
[Site "Elancourt"]
[Date "2005.04.23"]
[Round "1.7"]
[White "Couturier, Francois"]
[Black "Habunek, Patrick"]
[Result "1/2-1/2"]
[WhiteElo "2075"]
[BlackElo "1700"]
[PlyCount "89"]
[EventDate "2005.04.??"]

1. d4 d5 2. Nf3 Nf6 3. c4 c6 4. Nc3 dxc4 5. a4 Bf5 6. e3 e6 7. Bxc4 Bb4 8. O-O
Nbd7 9. Qe2 Bg6 10. Nh4 O-O 11. Nxg6 hxg6 12. e4 Nb6 13. Bb3 Qxd4 14. Rd1 Qe5
15. f4 Bc5+ 16. Be3 Bxe3+ 17. Qxe3 Qc7 18. a5 Nbd7 19. e5 Nd5 20. Bxd5 cxd5 21.
Ne2 Rfc8 22. Nd4 a6 23. Qh3 Nf8 24. Ra3 Qe7 25. Rc3 Rc7 26. Rdc1 Rac8 27. Nb3
Rxc3 28. Rxc3 Qb4 29. Qe3 Rxc3 30. Qxc3 Qxc3 31. bxc3 Nd7 32. Kf2 Kf8 33. Ke3
b6 34. Kd4 bxa5 35. Nxa5 Ke8 36. g4 Kd8 37. Nb7+ Ke7 38. h4 f6 39. exf6+ Nxf6
40. g5 Nd7 41. Ke3 Nb6 42. Na5 Kd6 43. Kd4 Nd7 44. Nb7+ Kc7 45. Na5 1/2-1/2

[Event "Saint Quentin 2005"]
[Site "Elancourt"]
[Date "2005.04.23"]
[Round "1.8"]
[White "Levier, Jean-Francois"]
[Black "Plantet, Marc"]
[Result "0-1"]
[WhiteElo "1700"]
[BlackElo "2036"]
[PlyCount "72"]
[EventDate "2005.04.??"]

1. d4 Nf6 2. Nf3 e6 3. Bg5 d5 4. e3 Nbd7 5. Bd3 Be7 6. Nbd2 c5 7. c3 c4 8. Bc2
Qc7 9. Bf4 Qb6 10. Qb1 h6 11. O-O Nh5 12. Bg3 Bf6 13. e4 Nxg3 14. fxg3 e5 15.
exd5 exd4 16. Qe1+ Kf8 17. Nxc4 Qc5 18. Bb3 b5 19. Nce5 Nxe5 20. Nxe5 dxc3+ 21.
Kh1 cxb2 22. Rd1 Qd6 23. Nc6 Bg4 24. Rb1 Re8 25. Qb4 Qxb4 26. Nxb4 a5 27. Nd3
Be2 28. Rxf6 Bxd3 29. Rff1 a4 30. Rfd1 axb3 31. axb3 Bxb1 32. Rxb1 Re2 33. Kg1
Rc2 34. Re1 Rc1 35. Kf2 Rxe1 36. Kxe1 b1=Q+ 0-1

[Event "Saint Quentin 2005"]
[Site "Elancourt"]
[Date "2005.04.23"]
[Round "1.9"]
[White "Hadet, Emmanuel"]
[Black "Rodriguez, Jean-Pierre"]
[Result "1-0"]
[WhiteElo "2030"]
[BlackElo "1650"]
[PlyCount "81"]
[EventDate "2005.04.??"]

1. c4 Nf6 2. Nc3 e6 3. Nf3 c5 4. g3 g6 5. Bg2 Bg7 6. d4 cxd4 7. Nxd4 O-O 8. O-O
Nc6 9. Ndb5 Ne8 10. c5 d5 11. cxd6 a6 12. Na3 Nxd6 13. Be3 Nf5 14. Bc5 Re8 15.
Nc4 Bd4 16. Bxd4 Qxd4 17. Qxd4 Ncxd4 18. Rfd1 Nc6 19. Na4 Rb8 20. Nab6 Kg7 21.
e4 Nfd4 22. Nd6 Rd8 23. Ndxc8 e5 24. Bf1 h5 25. h4 f6 26. f4 Kf7 27. Rac1 Ke8
28. Bh3 Kf7 29. Nc4 Kg7 30. N8b6 exf4 31. gxf4 Re8 32. e5 fxe5 33. Nxe5 Rbd8
34. Rc4 Rd6 35. Nxc6 Rxc6 36. Rxc6 Nxc6 37. Rd7+ Re7 38. Rxe7+ Nxe7 39. Bg2 Nf5
40. Bxb7 Nxh4 41. Bxa6 1-0

[Event "Saint Quentin 2005"]
[Site "Elancourt"]
[Date "2005.04.23"]
[Round "1.10"]
[White "Duval, Dominique"]
[Black "Criton, Roland"]
[Result "1/2-1/2"]
[WhiteElo "1630"]
[BlackElo "2018"]
[PlyCount "96"]
[EventDate "2005.04.??"]

1. d4 d5 2. Nf3 Nf6 3. Bg5 Ne4 4. Bh4 c5 5. e3 Qb6 6. Qc1 Nc6 7. c3 Bg4 8. Nbd2
Rc8 9. Nxe4 dxe4 10. dxc5 Qxc5 11. Nd4 a6 12. h3 Bh5 13. Nb3 Qb6 14. Qc2 f5 15.
Be2 Bxe2 16. Qxe2 Ne5 17. O-O Nd3 18. Rab1 g6 19. Nd4 Bg7 20. Rfd1 Kf7 21. f3
Bf6 22. Bxf6 exf6 23. f4 Qa5 24. b4 Qa4 25. Rb3 h5 26. b5 a5 27. b6 Rc5 28. a3
Rhc8 29. Qa2 Qc4 30. a4 Qd5 31. Nb5 R5c6 32. Nc7 Qc4 33. Qa3 Qc5 34. Qxc5 Nxc5
35. Rb5 Nxa4 36. Rd7+ Kg8 37. Nd5 Nxc3 38. Ne7+ Kf8 39. Nxc6 Nxb5 40. Nxa5 Rb8
41. Rh7 Kg8 42. Rxb7 Ra8 43. Nc6 Nd6 44. Rb8+ Rxb8 45. Nxb8 Kf7 46. Nd7 Nb7 47.
Kf2 Ke7 48. Nb8 Kd6 1/2-1/2

[Event "Saint Quentin 2005"]
[Site "Elancourt"]
[Date "2005.04.23"]
[Round "1.11"]
[White "Scozzesi, Francois"]
[Black "Mazaltob, Gerald"]
[Result "1-0"]
[WhiteElo "2010"]
[BlackElo "1570"]
[PlyCount "39"]
[EventDate "2005.04.??"]

1. e4 c5 2. Nf3 d6 3. Nc3 a6 4. d4 cxd4 5. Nxd4 e6 6. Be3 Nf6 7. Bd3 Be7 8. O-O
O-O 9. Kh1 Qc7 10. f4 b5 11. Qe1 Nbd7 12. Qg3 b4 13. Nd5 exd5 14. Nf5 g6 15.
Nxe7+ Kh8 16. Nxd5 Nxd5 17. exd5 Qd8 18. f5 Rg8 19. fxg6 Ne5 20. Bg5 1-0

[Event "Saint Quentin 2005"]
[Site "Elancourt"]
[Date "2005.04.23"]
[Round "1.12"]
[White "Marquet, Didier"]
[Black "Oger, Claude"]
[Result "0-1"]
[WhiteElo "1550"]
[BlackElo "2008"]
[PlyCount "64"]
[EventDate "2005.04.??"]

1. e4 c5 2. Nf3 Nc6 3. Bc4 d6 4. O-O Nf6 5. Nc3 Bg4 6. Be2 e6 7. d4 Bxf3 8.
Bxf3 Nxd4 9. Re1 Qc7 10. Qd3 a6 11. Bd2 Be7 12. b3 O-O 13. a4 Nd7 14. Ne2 Ne5
15. Qc3 Nexf3+ 16. gxf3 Bf6 17. Qd3 Nxe2+ 18. Qxe2 Bxa1 19. Rxa1 d5 20. e5 f6
21. f4 fxe5 22. Qxe5 Qxe5 23. fxe5 Rf5 24. f4 Rc8 25. c3 c4 26. Rb1 Rf7 27. b4
Rf5 28. Kg2 g5 29. Kg3 gxf4+ 30. Bxf4 Rcf8 31. Rf1 Rxe5 32. Rf3 Ref5 0-1

[Event "Saint Quentin 2005"]
[Site "Elancourt"]
[Date "2005.04.23"]
[Round "1.13"]
[White "Duval, Sylvain"]
[Black "Miolane, Leo"]
[Result "1-0"]
[WhiteElo "2006"]
[BlackElo "1550"]
[PlyCount "99"]
[EventDate "2005.04.??"]

1. e4 e5 2. Nf3 Nc6 3. Bb5 Nf6 4. O-O Bc5 5. d3 d6 6. h3 O-O 7. c3 a6 8. Ba4 b5
9. Bb3 Be6 10. Be3 Bb6 11. Nbd2 d5 12. Ng5 Qd7 13. Nxe6 fxe6 14. Qe2 Rad8 15.
Bxb6 cxb6 16. exd5 exd5 17. Nf3 Rfe8 18. Rfe1 Kh8 19. Rad1 e4 20. dxe4 Rxe4 21.
Qd3 Rxe1+ 22. Rxe1 d4 23. cxd4 Nxd4 24. Qxd4 Qxd4 25. Nxd4 Rxd4 26. Re6 h6 27.
Rxb6 Rd2 28. Bf7 Kh7 29. Rxa6 Rxb2 30. g4 Re2 31. Rb6 Re5 32. f4 Rc5 33. f5 Nd7
34. Bg6+ Kh8 35. Rb7 Rd5 36. Ra7 Nb6 37. Re7 Rd8 38. Re5 b4 39. Re4 Nd5 40. Rd4
Rd7 41. Kf2 Kg8 42. Be8 Re7 43. Ba4 Nc3 44. Bb3+ Kf8 45. Rd8+ Re8 46. Rxe8+
Kxe8 47. Ke3 Nb5 48. Ba4 b3 49. Bxb5+ Ke7 50. axb3 1-0

[Event "Saint Quentin 2005"]
[Site "Elancourt"]
[Date "2005.04.23"]
[Round "1.14"]
[White "Durez, Gerard"]
[Black "Bilquez, Romain"]
[Result "0-1"]
[WhiteElo "1530"]
[BlackElo "2001"]
[PlyCount "92"]
[EventDate "2005.04.??"]

1. c4 c6 2. Nc3 d5 3. e3 Nf6 4. Nf3 e6 5. Be2 Nbd7 6. d4 dxc4 7. Bxc4 b5 8. Bd3
a6 9. O-O c5 10. dxc5 Nxc5 11. Bc2 Bb7 12. Qe2 Qc7 13. Rd1 Rc8 14. a3 Bd6 15.
h3 O-O 16. Bd2 Rfd8 17. Rac1 Qb8 18. b4 Ncd7 19. Bd3 Nb6 20. Nb1 Bxf3 21. gxf3
Na4 22. Be1 Nd5 23. f4 Rxc1 24. Rxc1 Bxf4 25. Be4 Bh2+ 26. Kh1 Nf6 27. Bg2 Bc7
28. Qc2 Bb6 29. Nd2 h6 30. Nb3 Qd6 31. Bf3 Qd3 32. Qxd3 Rxd3 33. Nc5 Nxc5 34.
bxc5 Bc7 35. Rc3 Rxc3 36. Bxc3 Nd7 37. c6 Nb6 38. Ba5 Kf8 39. Kg1 Ke7 40. Bb4+
Bd6 41. Ba5 Nc4 42. c7 Kd7 43. Bb7 Bxc7 44. Bxc7 Kxc7 45. Bxa6 Kb6 46. Bc8 Nd6
0-1

[Event "Saint Quentin 2005"]
[Site "Elancourt"]
[Date "2005.04.23"]
[Round "1.15"]
[White "Aouizerate, Robert"]
[Black "Benhamouda, Fabrice"]
[Result "1/2-1/2"]
[WhiteElo "1989"]
[BlackElo "1520"]
[PlyCount "107"]
[EventDate "2005.04.??"]

1. e4 e5 2. Bc4 Bc5 3. Nf3 Nc6 4. O-O d6 5. c3 Nf6 6. d4 Bb6 7. dxe5 dxe5 8.
Qxd8+ Nxd8 9. Nxe5 Nxe4 10. Nd2 Nd6 11. Re1 O-O 12. Bb3 Be6 13. Bxe6 Nxe6 14.
Ndf3 Rad8 15. a4 a5 16. Be3 Bxe3 17. Rxe3 f6 18. Nc6 bxc6 19. Rxe6 Rfe8 20.
Rxe8+ Rxe8 21. Re1 Rxe1+ 22. Nxe1 Kf7 23. Kf1 Ke6 24. Ke2 Kd5 25. Kd3 c5 26. g4
c4+ 27. Ke2 Ne4 28. f3 Nc5 29. Ng2 Nxa4 30. Ne3+ Kc5 31. Nf5 g6 32. Nd4 Nb6 33.
Ne6+ Kd6 34. Nf8 Ke5 35. Nxh7 Nd7 36. Kd2 Kf4 37. Ke2 f5 38. gxf5 gxf5 39. h4
Kg3 40. Ke3 f4+ 41. Ke4 Nc5+ 42. Kd5 Nd7 43. Ng5 Kxh4 44. Ne6 Kg3 45. Nd4 c5
46. Ne6 Kxf3 47. Kd6 Nb6 48. Kxc5 Na4+ 49. Kxc4 Nxb2+ 50. Kb3 Nd3 51. Nd4+ Ke4
52. Ka4 f3 53. Nxf3 Kxf3 54. Kxa5 1/2-1/2

[Event "Saint Quentin 2005"]
[Site "Elancourt"]
[Date "2005.04.23"]
[Round "1.16"]
[White "Sineux, Sandra"]
[Black "Le Ray, Olivier"]
[Result "0-1"]
[WhiteElo "1510"]
[BlackElo "1982"]
[PlyCount "44"]
[EventDate "2005.04.??"]

1. e4 d6 2. d4 Nf6 3. Nc3 g6 4. f4 Bg7 5. Nf3 c5 6. Bb5+ Bd7 7. e5 Ng4 8. e6
fxe6 9. Ng5 Bxb5 10. Nxe6 Bxd4 11. Nxb5 Qa5+ 12. Qd2 Bf2+ 13. Kd1 Ne3+ 14. Ke2
Qxb5+ 15. Kxf2 Ng4+ 16. Kg3 Na6 17. Kxg4 Qd7 18. Re1 Nc7 19. Qe3 Kf7 20. f5
gxf5+ 21. Kxf5 Rag8 22. g3 Rg6 0-1

[Event "Saint Quentin 2005"]
[Site "Elancourt"]
[Date "2005.04.23"]
[Round "1.17"]
[White "Legrix, Jean-Marie"]
[Black "Branson, James"]
[Result "1-0"]
[WhiteElo "1976"]
[BlackElo "1499"]
[PlyCount "51"]
[EventDate "2005.04.??"]

1. d4 Nf6 2. Nf3 b6 3. e3 Bb7 4. Bd3 e6 5. c4 Na6 6. Nc3 Bb4 7. O-O Bxc3 8.
bxc3 c5 9. Re1 Ne4 10. d5 f5 11. Qc2 exd5 12. cxd5 Bxd5 13. Bxa6 Qf6 14. Bb2 c4
15. Rad1 Be6 16. Bb7 Rd8 17. Bxe4 fxe4 18. Qxe4 O-O 19. Ba3 Rf7 20. Bd6 g5 21.
Be5 Qe7 22. Bc7 Re8 23. Qe5 Rf5 24. Qg3 h5 25. Bf4 h4 26. Nxh4 1-0

[Event "Saint Quentin 2005"]
[Site "Elancourt"]
[Date "2005.04.23"]
[Round "1.18"]
[White "Benhamouda, Mathieu"]
[Black "Benier, Adrien"]
[Result "0-1"]
[WhiteElo "1450"]
[BlackElo "1970"]
[PlyCount "48"]
[EventDate "2005.04.??"]

1. Nf3 d5 2. d4 c6 3. c4 e6 4. Nc3 f5 5. Bf4 Nf6 6. e3 Bd6 7. Bxd6 Qxd6 8. Bd3
O-O 9. Ne5 Nbd7 10. f4 Ne4 11. Bxe4 fxe4 12. Qh5 Nxe5 13. fxe5 Qb4 14. O-O-O
Bd7 15. Rhf1 Qxc4 16. Rxf8+ Rxf8 17. Qg5 b5 18. a3 a5 19. Kb1 b4 20. axb4 axb4
21. Na4 Qb3 22. Nc5 Qxd1+ 23. Ka2 Ra8+ 24. Na4 Rxa4# 0-1

[Event "Saint Quentin 2005"]
[Site "Elancourt"]
[Date "2005.04.23"]
[Round "1.19"]
[White "Mahe, Romain"]
[Black "Dubos, Jean-Luc"]
[Result "1-0"]
[WhiteElo "1970"]
[BlackElo "1430"]
[PlyCount "76"]
[EventDate "2005.04.??"]

1. e4 c5 2. Nf3 d6 3. d4 cxd4 4. Nxd4 Nf6 5. Bc4 Nxe4 6. Bxf7+ Kxf7 7. Qh5+ Kg8
8. Qd5+ e6 9. Qxe4 Qd7 10. O-O Nc6 11. Re1 Nxd4 12. Qxd4 b6 13. c4 Bb7 14. Nc3
Re8 15. Qg4 Qf7 16. Bg5 h5 17. Qg3 d5 18. cxd5 exd5 19. Rxe8 Qxe8 20. Qc7 Qf7
21. Qb8 a6 22. Re1 Kh7 23. Re8 d4 24. Nd1 Qd5 25. Qg3 Qc6 26. Rd8 Bc5 27. Qd3+
g6 28. f3 Rxd8 29. Bxd8 Qe6 30. Bh4 Qf5 31. Nf2 Qxd3 32. Nxd3 Bd6 33. Bf2 Bd5
34. Bxd4 Bxa2 35. Bxb6 Kg7 36. Bc5 Bxc5+ 37. Nxc5 Bc4 38. Ne4 Kf7 1-0

[Event "Saint Quentin 2005"]
[Site "Elancourt"]
[Date "2005.04.23"]
[Round "1.20"]
[White "O Neill, Liam"]
[Black "Appavou, Calixte"]
[Result "1/2-1/2"]
[WhiteElo "1360"]
[BlackElo "1960"]
[PlyCount "40"]
[EventDate "2005.04.??"]

1. d4 d5 2. c4 c6 3. Nc3 Nf6 4. Nf3 e6 5. Bf4 Nbd7 6. a3 a5 7. e3 c5 8. Nb5 e5
9. dxe5 Nh5 10. e6 fxe6 11. Nc7+ Ke7 12. Nxa8 Nxf4 13. exf4 Nf6 14. Qb3 Bd7 15.
Nb6 a4 16. Nxa4 Qa5+ 17. Qc3 Qxa4 18. b3 Qa7 19. Bd3 g6 20. Ne5 d4 1/2-1/2

[Event "Saint Quentin 2005"]
[Site "Elancourt"]
[Date "2005.04.23"]
[Round "1.21"]
[White "Fayolle, Guy"]
[Black "Vallobra, Pierre"]
[Result "1-0"]
[WhiteElo "1958"]
[BlackElo "1360"]
[PlyCount "35"]
[EventDate "2005.04.??"]

1. e4 e6 2. d4 d5 3. Nc3 Nf6 4. e5 Nfd7 5. Bd3 Be7 6. f4 O-O 7. Nf3 f6 8. O-O
fxe5 9. fxe5 c5 10. dxc5 Bxc5+ 11. Kh1 Nc6 12. Bxh7+ Kxh7 13. Ng5+ Kg8 14. Bf4
Rxf4 15. Qh5 Rxf1+ 16. Rxf1 Nf8 17. Rxf8+ Kxf8 18. Qf7# 1-0

[Event "Saint Quentin 2005"]
[Site "Elancourt"]
[Date "2005.04.23"]
[Round "1.22"]
[White "Benchara, Imane"]
[Black "Hedjazian, Navid"]
[Result "0-1"]
[WhiteElo "1320"]
[BlackElo "1954"]
[PlyCount "66"]
[EventDate "2005.04.??"]

1. d4 Nf6 2. c4 c5 3. Nf3 cxd4 4. Nxd4 g6 5. e3 Bg7 6. Bd3 Nc6 7. Nxc6 bxc6 8.
O-O O-O 9. Nc3 d5 10. cxd5 cxd5 11. e4 d4 12. Ne2 e5 13. Bg5 h6 14. Bxf6 Bxf6
15. f4 Rb8 16. fxe5 Bxe5 17. Qd2 Kg7 18. Rf3 Qh4 19. Rh3 Bxh3 20. gxh3 Qxh3 21.
Ng3 Bxg3 22. hxg3 Qxg3+ 23. Kf1 Rb6 24. Ke2 Rfb8 25. Rh1 Rxb2 26. Bc2 Qg2+ 27.
Kd3 Qxh1 28. Kxd4 Rd8+ 29. Kc3 Rxd2 30. Kxb2 Qxe4 31. Kb3 Rxc2 32. a4 Qc4+ 33.
Ka3 Ra2# 0-1

[Event "Saint Quentin 2005"]
[Site "Elancourt"]
[Date "2005.04.23"]
[Round "1.23"]
[White "Brunel, Eric"]
[Black "Gaillet, Philippe"]
[Result "1-0"]
[WhiteElo "1920"]
[BlackElo "1310"]
[PlyCount "75"]
[EventDate "2005.04.??"]

1. e4 c6 2. d4 d5 3. Nc3 dxe4 4. Nxe4 Bf5 5. Ng3 Bg6 6. f4 e6 7. Nf3 Nd7 8. Bc4
Bd6 9. O-O Ngf6 10. Ne5 O-O 11. Qe2 Re8 12. c3 Rc8 13. Nxg6 hxg6 14. Qf3 b5 15.
Bd3 a6 16. h4 c5 17. h5 Nxh5 18. Nxh5 gxh5 19. Qxh5 Nf6 20. Qh4 cxd4 21. cxd4
Be7 22. Be3 g6 23. Qg3 Nd5 24. Bf2 Kg7 25. Rac1 Rh8 26. Rxc8 Qxc8 27. f5 exf5
28. Qe5+ Bf6 29. Qxd5 Qc7 30. g3 f4 31. Kg2 fxg3 32. Bxg3 Qe7 33. Rxf6 Rd8 34.
Rxf7+ Qxf7 35. Qxd8 Qb7+ 36. d5 Kf7 37. Qc7+ Qxc7 38. Bxc7 1-0

[Event "Saint Quentin 2005"]
[Site "Elancourt"]
[Date "2005.04.23"]
[Round "1.24"]
[White "Guillet, Jacques"]
[Black "Dominguez, Alain"]
[Result "0-1"]
[WhiteElo "1230"]
[BlackElo "1920"]
[PlyCount "74"]
[EventDate "2005.04.??"]

1. e4 c5 2. Nf3 Nc6 3. d4 cxd4 4. Nxd4 d6 5. Nc3 Nf6 6. Be3 a6 7. Bc4 e6 8. Bb3
Qc7 9. O-O b5 10. f3 Be7 11. a3 O-O 12. Qd2 Nxd4 13. Bxd4 Bb7 14. Qf2 Rac8 15.
Rae1 Bc6 16. Ne2 e5 17. Bb6 Qb7 18. c3 Bd8 19. Bxd8 Rfxd8 20. Bc2 a5 21. b4
axb4 22. axb4 Ra8 23. Ng3 Ra2 24. Re2 Ra3 25. Qe3 Bd7 26. Rd2 Qc7 27. Rd3 Be6
28. Rfd1 Raa8 29. Nf5 Ne8 30. f4 Bc4 31. R3d2 f6 32. fxe5 dxe5 33. h3 Rab8 34.
Rxd8 Rxd8 35. Rxd8 Qxd8 36. Kh2 g6 37. Ng3 Ng7 0-1

[Event "Saint Quentin 2005"]
[Site "Elancourt"]
[Date "2005.04.23"]
[Round "1.25"]
[White "Fischer, Jean-Claude"]
[Black "Salaun, Alexandre"]
[Result "1-0"]
[WhiteElo "1920"]
[BlackElo "1210"]
[PlyCount "103"]
[EventDate "2005.04.??"]

1. e4 e5 2. Nf3 Nc6 3. Bc4 Qe7 4. O-O Nf6 5. Re1 d6 6. h3 Be6 7. Bb5 Qd7 8. Ng5
Bxh3 9. Nxh3 O-O-O 10. c3 d5 11. Bxc6 Qxc6 12. exd5 Qxd5 13. Qb3 Qc6 14. Rxe5
Ng4 15. Re2 Qd6 16. g3 Qc5 17. Qxf7 h5 18. d4 Qd6 19. Qe6+ Kb8 20. Qxd6 Bxd6
21. Bf4 h4 22. Kg2 b6 23. Nd2 Rdf8 24. Bxd6 cxd6 25. Rae1 b5 26. gxh4 Rxh4 27.
Re8+ Rxe8 28. Rxe8+ Kc7 29. Kg3 Rxh3+ 30. Kxh3 Nxf2+ 31. Kg2 Nd3 32. b3 Kd7 33.
Rg8 Nf4+ 34. Kf3 Nh5 35. Ra8 Nf6 36. Rxa7+ Ke6 37. Rxg7 Ne8 38. Rb7 Nf6 39.
Rxb5 d5 40. Rb6+ Kf7 41. Rxf6+ Kxf6 42. Kf4 Ke6 43. Kg5 Kd6 44. Kf6 Kc6 45. Ke6
Kb5 46. Kxd5 Ka5 47. Kc6 Ka6 48. d5 Ka5 49. d6 Ka6 50. d7 Ka5 51. d8=R Ka6 52.
Ra8# 1-0

[Event "Saint Quentin 2005"]
[Site "Elancourt"]
[Date "2005.04.23"]
[Round "1.26"]
[White "Velitchko, Kirill"]
[Black "Francois, Jean"]
[Result "1/2-1/2"]
[WhiteElo "1199"]
[BlackElo "1900"]
[PlyCount "83"]
[EventDate "2005.04.??"]

1. e4 e5 2. Nf3 Nc6 3. Bb5 Nge7 4. c3 Ng6 5. O-O Bc5 6. d4 exd4 7. cxd4 Bb6 8.
Bg5 Nce7 9. Nc3 c6 10. Bc4 O-O 11. d5 d6 12. Re1 h6 13. Bxe7 Qxe7 14. e5 Bg4
15. exd6 Qxd6 16. h3 Bxf3 17. Qxf3 Ne5 18. Qe2 Nxc4 19. Qxc4 Rae8 20. Ne4 Qxd5
21. Qxd5 cxd5 22. Nd6 Rd8 23. Nf5 d4 24. Re7 d3 25. Rd1 Bc5 26. Rxb7 Rfe8 27.
Rc7 Re5 28. g4 Bb6 29. Re7 Rc5 30. Ne3 d2 31. Kf1 Kf8 32. Re5 Rc1 33. Ke2 Bxe3
34. Rxe3 Rc2 35. Rb3 Rd7 36. a3 f6 37. Rb5 Kf7 38. f4 Kg6 39. h4 Kf7 40. b4 Ra2
41. Ra5 Rb2 42. Rc5 1/2-1/2

[Event "Saint Quentin 2005"]
[Site "Elancourt"]
[Date "2005.04.24"]
[Round "2.1"]
[White "Bilquez, Romain"]
[Black "Sulypa, Alexandre"]
[Result "1/2-1/2"]
[WhiteElo "2001"]
[BlackElo "2480"]
[PlyCount "32"]
[EventDate "2005.04.??"]

1. d4 Nf6 2. c4 g6 3. Nc3 Bg7 4. e4 d6 5. Nf3 O-O 6. Be2 e5 7. dxe5 dxe5 8.
Qxd8 Rxd8 9. Bg5 Re8 10. Nd5 Nxd5 11. cxd5 c6 12. Bc4 cxd5 13. Bxd5 Na6 14.
O-O-O Nc7 15. Bb3 Be6 16. Be3 Red8 1/2-1/2

[Event "Saint Quentin 2005"]
[Site "Elancourt"]
[Date "2005.04.24"]
[Round "2.2"]
[White "Radulov, Ivan"]
[Black "Legrix, Jean-Marie"]
[Result "1-0"]
[WhiteElo "2334"]
[BlackElo "1976"]
[PlyCount "73"]
[EventDate "2005.04.??"]

1. Nf3 Nf6 2. g3 g6 3. Bg2 Bg7 4. d4 O-O 5. c4 d6 6. O-O Nbd7 7. Nc3 e5 8. h3
Re8 9. e4 exd4 10. Nxd4 Nc5 11. Re1 a6 12. Qc2 Bd7 13. Be3 Rb8 14. Rad1 Qc8 15.
b4 Ne6 16. Nb3 Nd8 17. g4 Nc6 18. a4 Ne5 19. Qe2 b5 20. cxb5 axb5 21. Nd4 Nc4
22. Bc1 d5 23. Qd3 dxe4 24. Nxe4 Nxe4 25. Bxe4 Be6 26. Nxe6 Rxe6 27. Bd5 Rxe1+
28. Rxe1 Nd6 29. Bg5 h6 30. Bf4 Qd8 31. Qxg6 Qf6 32. Qxf6 Bxf6 33. Bxh6 c6 34.
Bxc6 Rc8 35. Bd5 Rc3 36. Bf4 Nc4 37. g5 1-0

[Event "Saint Quentin 2005"]
[Site "Elancourt"]
[Date "2005.04.24"]
[Round "2.3"]
[White "Le Ray, Olivier"]
[Black "Gerard, Nicolas"]
[Result "0-1"]
[WhiteElo "1982"]
[BlackElo "2334"]
[PlyCount "68"]
[EventDate "2005.04.??"]

1. e4 c5 2. Nf3 d6 3. d4 cxd4 4. Nxd4 Nf6 5. Nc3 a6 6. Be3 e5 7. Nb3 Be6 8. f3
h5 9. Qd2 Nbd7 10. O-O-O Rc8 11. Be2 Be7 12. Kb1 b5 13. h4 Qc7 14. g3 b4 15.
Nd5 Bxd5 16. exd5 a5 17. Bb5 O-O 18. Qg2 Nb6 19. Bxb6 Qxb6 20. Ba4 Rc4 21. Qe2
Rc7 22. g4 Rfc8 23. g5 Nd7 24. Rd2 g6 25. f4 exf4 26. Qe4 Qe3 27. Qxe3 fxe3 28.
Re2 Ne5 29. Nd4 Ng4 30. Bc6 Rb8 31. Nb5 Rxc6 32. dxc6 Rxb5 33. Rxe3 Nxe3 34.
Re1 Nd5 0-1

[Event "Saint Quentin 2005"]
[Site "Elancourt"]
[Date "2005.04.24"]
[Round "2.4"]
[White "Bogdanov, Emil"]
[Black "Mahe, Romain"]
[Result "1-0"]
[WhiteElo "2250"]
[BlackElo "1970"]
[PlyCount "45"]
[EventDate "2005.04.??"]

1. c4 c6 2. Nf3 d5 3. e3 Bf5 4. Nc3 e6 5. d4 Nf6 6. Be2 a6 7. c5 Be7 8. Nh4 Bg6
9. Bd2 Nbd7 10. g3 a5 11. O-O b6 12. cxb6 Qxb6 13. Na4 Qa7 14. Nxg6 hxg6 15.
Rc1 c5 16. dxc5 Nxc5 17. Nxc5 Bxc5 18. Qa4+ Ke7 19. Rxc5 Qxc5 20. Rc1 Qd6 21.
Rc6 Qd7 22. Qa3+ Kd8 23. Rd6 1-0